載入...

Itharavazhvukal /

書目詳細資料
主要作者: Sreeraman, V. K.
語言:Undetermined
出版: Kozhikode : Mathrubhumi Books , 2016.
版:3rd ed.
LEADER 00536nam a2200169Ia 4500
008 170722s9999 xx 000 0 und d
999 |c 156275  |d 156275 
020 |a 8182641527 
041 |a MAL 
084 |2 cc  |a O32,6N5311x 
100 |a Sreeraman, V. K. 
245 |a Itharavazhvukal / 
250 |a 3rd ed. 
260 |a Kozhikode :  |b Mathrubhumi Books ,  |c 2016. 
300 |b 153p. 
942 |c GEN 
952 |0 0  |1 0  |4 0  |6 O_326N5311X_P53  |7 0  |9 219197  |a LIB  |b LIB  |d 2017-01-29  |e Mathrubhumi Books  |g 60.00  |l 1  |o O32,6N5311x P5;3  |p 303007  |r 2018-02-02  |s 2017-12-22  |y GEN